Słówka niemiecki - Statystyki

Ogólne statystyki
  • Ten quiz został rozwiązany 60 razy
  • Średni wynik to 13 z 30
Statystyki odpowiedzi
Hint Odpowiedź % Poprawnych
piekarnia die Bäckerei
93%
sklep das Geschäft
80%
rynek, bazar der Markt
73%
cena der Preis
73%
centrum handlowe das Einkaufszentrum
67%
paragon der Beleg
60%
klient der Kunde
60%
księgarnia die Buchhandlung
60%
sklep odzieżowy das Kleidergeschäft
53%
cukiernia die Konditorei
53%
oferta das Angebot
47%
sklep papierniczy das Schreibwarengeschäft
47%
targ staroci der Flohmarkt
47%
rozmiar die Größe
47%
przymierzać anprobieren
40%
wypłacać* auszahlen
40%
wyprzedaż der Ausverkauf
40%
gwarancja die Garantie
40%
paczka* das Paket
33%
reklama* die Werbung
33%
w korzystnej cenie günstig
33%
przelewać* überweisen
33%
nadawać* aufgeben
27%
zlecać coś* beauftragen mit
27%
paragon der Kassenzettel
27%
wada, usterka* der Mangel
27%
rozglądać się* umschauen
27%
prawo odstąpienia od umowy* das Widerrufsrecht
20%
polowanie na okazyjne zakupy die Schnäppchenjagd
20%
wymieniać pieniądze* Geld wechseln
20%
Nie znaleziono quizów pasujących do podanych kryteriów
Rozkład punktacji
Procent ludzi z każdym wynikiem
Percentyl według liczby udzielonych odpowiedzi
Twoja historia wyników
Nie rozwiązałeś tego quizu